Conference terminology <a> manual for conference-members and iterpreters in english, french, spanish, russian, italian, german, hungarian

Guardado en:
Detalles Bibliográficos
Formato: Libro
Lenguaje:inglés
Publicado: Amsterdam Elsevier Scientific Pub. Co. 1980
Edición:2. ed.
Etiquetas: Agregar Etiqueta
Sin Etiquetas, Sea el primero en etiquetar este registro!

MARC

LEADER 00000nam a2200000 4500
001 c111312
005 20041019155149.3
041 0 |a eng 
044 |a NL 
245 1 0 |a Conference terminology  |b <a> manual for conference-members and iterpreters in english, french, spanish, russian, italian, german, hungarian 
250 |a 2. ed. 
264 1 |a Amsterdam  |b Elsevier Scientific Pub. Co.  |c 1980 
300 |a 207 s.